Quizzes
Events
Quiz Creation
Community
Videos
Private Events
Remove Ads
Sign In
Join for FREE
Feedback
Dark Mode
Quiz Categories
Sports
Geography
Music
Movies
Television
Just For Fun
Miscellaneous
History
Literature
Language
Science
Gaming
Entertainment
Religion
Holiday
For Kids
Quiz Lab
Recent
Popular Today
Quiz Kudos Today
Editor Picks
Curator Picks
Quizzes by...
Day
Popularity
Type
Ratings
Length
Year
Community
Subscriptions
Recent Discussions
Orange Saloon
Badges
Playlists
Quests
Create
Leaderboards
Showdown
Live 5
Trivia Bingo
Activity
Puzzle Library
Sporcle Events
Private Events
Virtual Trivia
Globe League
Become a Host
Pub Owners
SporcleCon
Opinionation
Our Games
Videos
Blog
Mobile Apps
Partnerships
Remove Ads and Go Orange
Feedback
Sports
Athletes
MLB
NBA
NHL
NFL
Soccer
Sports Teams
WWE
NCAA
Football
Premier League
Basketball
Baseball
Hockey
Golf
Tennis
Cricket
Rugby
Auto Racing
Olympics
World Cup
Sports
Athletes
MLB
NBA
NHL
NFL
Soccer
Sports Teams
WWE
NCAA
Football
Premier League
Basketball
Baseball
Hockey
Golf
Tennis
Cricket
Rugby
Auto Racing
Olympics
World Cup
Random Quiz
Search Sporcle
×
Quiz Lab
Quiz Lab
Sports
Auto Racing
Type in answers that appear in a list
Type in answers that appear in a list
Classic
Best Score? Go Orange.
Phoenix Racing NASCAR XFinity Series Victories Stats
Can you guess the Phoenix Racing NASCAR XFinity Series Winners?
By
wesker56
10m
13 Questions
93 Plays
93 Plays
93 Plays
Comments
Comments
Give Quiz Kudos
Give Quiz Kudos
-
- Ratings
hide this ad
Replay
Link that replays current quiz
Next Quiz
Link to next quiz in quiz playlist
You Got
0%
They Got
Avg Score
68%
Avg Friend Score
Upgrade to see
Score Distribution
Jump to the score distribution portion of the page
Score
0/13
Timer
10:00
0
Plays Today
Race
Driver
% Correct
2012 Subway Jalapeno 250 at Daytona
Kurt Busch
80.6%
2001 Hardee's 250 at Richmond
Jimmy Spencer
73.1%
2001 MBNA Platinum 200 at Dover
Jimmy Spencer
73.1%
2001 Autolite /
FRAM 250 at Richmond
Jimmy Spencer
73.1%
2002 Food City 250 at Bristol
Jimmy Spencer
73.1%
2003 Rockingham 200 at Rockingham
Jamie McMurray
72%
2003 Target House 200 at Rockingham
Jamie McMurray
72%
1996 Hardee's Fried Chicken Challenge 250 at Richmond
Jeff Purvis
64.5%
1996 Detroit Gasket 200 at Michigan
Jeff Purvis
64.5%
2005 SBC 250 at Milwaukee
Johnny Sauter
62.4%
1999 NAPA Auto Parts 300 at Daytona
Randy Lajoie
61.3%
2000 BellSouth Mobility 320 at Nashville
Randy Lajoie
61.3%
2009 Carquest Auto Parts 300 at Charlotte
Mike Bliss
60.2%
Quiz Playlist
Details
Report
Send in Message
Add To Playlist
Classic:
Type in answers that appear in a list
Last Updated: Mar 5, 2023
Quiz Scoreboard
CHALLENGE
Sign Up to Join the Scoreboard
Show All
Scores
Hide
Comments
May contain spoilers
Recently Published
College Basketball Coaching Resumes
by pancakes188
Sports
9m
Billboard Blitz: Fleetwood Mac
by CooCooCachoo
Music
15s
Presidents Visiting Landmarks
by Hejman
History
7m
More to Explore
Quiz From the Vault
Featured Blog Post
Where Did the Easter Bunny Come From?
hide this ad
You Might Also Like...
Tags
Auto Racing Quiz
NASCAR
Nascar Driver
race
Race Winners
Racing
Today's Top Quizzes in Sports
Browse Sports
hide this ad
Today's Top Quizzes in Auto Racing
Browse Auto Racing
Top Contributed Quizzes in Sports
1
Les meilleurs buteurs des matchs entre le PSG et l’OM
2
2022 World Cup Stars
3
FIFA Club World Cup Champions
4
Les entraîneurs de l'OM et du PSG au 21e siècle
5
Criteria MLB: Left Handed Sluggers
6
AFC Teams Reveal (Wrong Answers Minefield)
7
5-to-1: UK Sports Teams
8
Name the Premier League winners with different clubs
9
5-to-1: FBS Animal Nicknames
10
Players with Multiple 50 Home Run Seasons
Explore More
Trending Topics
Marvel
Harry Potter
NBA
Anime
Crossword
Disney
Kpop
The Office
Puzzle
WWE
Soccer
Song
Pokémon
Country
NFL
hide this ad
More By:
wesker56
Quiz
Plays
Rating
Category
Featured
Created
2016 Toyota / Save Mart 350 Results
566
5.00
Sports
Jun 19, 2019
NASCAR Sponsor by First Victory Cup Series
437
5.00
Sports
Mar 23, 2021
2003 Mountain Dew Southern 500 Results
337
5.00
Sports
Jun 18, 2019
Dale Earnhardt Inc. NASCAR XFinity Series Victories
326
5.00
Sports
Sep 2, 2019
Win #66 Dale Earnhardt NASCAR Cup Series
280
4.00
Sports
Jun 29, 2020
Go to Creator's Profile
Score Distribution
Quiz Creator Spotlight
wesker56
Follow
Send a Message
Quizzes Created
-
Created Quiz Play Count
-
More By This Creator
Popular Quizzes Today
1
Find the US States - No Outlines Minefield
2
Find the Countries of Europe - No Outlines Minefield
3
The Countries of the World
4
Find the US States
5
Risky Map Clicking: Biggest States A-Z
6
US States
7
Popular People in 1961
8
Movies - When Are They Set?
More Sports Quizzes
Top Premier League Long Range Goalscorers
Curator's Pick
Trending Quizzes
Risky Map Clicking: Least Populous States A-Z
1-10 Letter G Words
1-10 Letter F Words
Risky Map Clicking: Next State Alphabetically
Click the Washington State Counties! (Map)
Recently Updated
Leaping Animals
pecheneg
Reality TV Shows (A-Z)
bhenderson79
Rickey Henderson's Hall of Fame Teammates
pecheneg
Champions League XIs: Arsenal
pecheneg
Quick Pick: Celebrities in WWE's Hall of Fame
aduchscher
A-Z Keypad Blitz II
pecheneg
Multiple Oscar Actors
pecheneg
Mystery Phrase Blitz: Oscar 'Best Actors'
pecheneg
F. Scott Fitzgerald Novels
LTH
Pick 3 Villains
ddd62291
Trending Topics
Harry Potter
Anime
Kpop
Disney
Crossword
Marvel
NBA
Country
WWE
NFL
Song
The Office
Puzzle
Pokémon
Soccer
Your Account Isn't Verified!
In order to create a playlist on Sporcle, you need to verify the email address you used during registration. Go to your
Sporcle Settings
to finish the process.
Report this User
Report this user for behavior that violates our
Community Guidelines
.
Details:
Send Report
Go to the Sporcle.com Mobile Site →
Comments